| 000 | 00523nam a2200169Ia 4500 | ||
|---|---|---|---|
| 999 |
_c21297 _d21297 |
||
| 003 | OSt | ||
| 005 | 20200616113218.0 | ||
| 008 | 190216s9999||||xx |||||||||||||| ||und|| | ||
| 020 | _a9780140278330 | ||
| 040 | _coclc | ||
| 082 |
_a303.490954 _bKAL/I |
||
| 100 |
_aKalam, A P J Abdul _92031 |
||
| 245 | 0 |
_aIndia 2020 : _bA Vision For The New Millennium / _cA P J Abdul Kalam |
|
| 260 |
_bPenguin Books, _aNew Delhi: _c2002. |
||
| 300 | _a324p | ||
| 942 |
_cBK _2ddc _h303.490954 _iKAL/I _k303.490954 _mKAL/I |
||